Management : A book of readings

Gespeichert in:
Bibliographische Detailangaben
1. Verfasser: Koontz, Harold
Format: Buch
Sprache:Undetermined
Veröffentlicht: New York McGraw-Hill Book Company 1964
Schlagworte:
Tags: Tag hinzufügen
Keine Tags, Fügen Sie den ersten Tag hinzu!
Thư viện lưu trữ: Trung tâm Học liệu Trường Đại học Cần Thơ
LEADER 00495nam a2200181Ia 4500
001 CTU_78041
008 210402s9999 xx 000 0 und d
082 |a 658.082 
082 |b K75 
100 |a Koontz, Harold 
245 0 |a Management : 
245 2 |b A book of readings 
245 0 |c Harold Koontz, Cyril O'Donnell 
260 |a New York 
260 |b McGraw-Hill Book Company 
260 |c 1964 
650 |a Industrial management 
980 |a Trung tâm Học liệu Trường Đại học Cần Thơ